[Event "CZE-chTJ 0102"]
[Site "Czech Republic"]
[Date "2001.??.??"]
[Round "4"]
[White "Pechacek, Stanislav"]
[Black "Erban, Tomas"]
[Result "0-1"]
[WhiteElo "2173"]
[BlackElo "2133"]
[PlyCount "112"]
[EventDate "2001.??.??"]
[EventType "team"]
[EventRounds "11"]
[EventCountry "CZE"]
[SourceTitle "EXT 2003"]
[Source "ChessBase"]
[SourceDate "2002.11.25"]
[SourceVersion "1"]
[SourceVersionDate "2002.11.25"]
[SourceQuality "1"]
[WhiteTeam "Vlasim"]
[BlackTeam "Pisek"]
[WhiteTeamCountry "CZE"]
[BlackTeamCountry "CZE"]

1. e4 c5 2. Nf3 d6 3. d4 cxd4 4. Qxd4 Nc6 5. Bb5 Bd7 6. Bxc6 Bxc6 7. Nc3 e5 8. Qd3 h6 9. 0-0 Nf6 10. Nd2 a6 11. Nc4 b5 12. Ne3 b4 13. Ncd5 Nxd5 14. Nxd5 Bb5 15. Qb3 Bxf1 16. Kxf1 Be7 17. Qa4+ Kf8 18. Be3 Qe8 19. Qxe8+ Rxe8 20. Nxb4 Rb8 21. Nd3 Bg5 22. Ke2 Ke7 23. b3 Rhc8 24. c4 a5 25. Nb2 Rb4 26. Nd1 Bxe3 27. Nxe3 Ke6 28. Nd5 Rb7 29. Kd3 Rf8 30. g4 g6 31. Rg1 f5 32. gxf5+ gxf5 33. Rg6+ Kd7 34. exf5 Rxf5 35. Rg7+ Kc6 36. Ne7+ Rxe7 37. Rxe7 Rxf2 38. a4 Rxh2 39. Ra7 h5 40. Rxa5 h4 41. Ra8 h3 42. Rc8+ Kb7 43. Rh8 Rh1 44. Ke2 h2 45. Kf2 Rb1 46. Rxh2 Rxb3 47. Rh5 Rc3 48. Rh7+ Kc6 49. Rh8 Rxc4 50. Ra8 Kd5 51. a5 Kd4 52. a6 Ra4 53. a7 d5 54. Kf3 Ra5 55. Kg4 Ke4 56. Kg5 d4 0-1

[Event "Klatovy op-A"]
[Site "Klatovy"]
[Date "2000.??.??"]
[Round "?"]
[White "Blecha, Miroslav"]
[Black "Erban, Tomas"]
[Result "0-1"]
[WhiteElo "2085"]
[BlackElo "1900"]
[PlyCount "80"]
[EventDate "2000.??.??"]
[EventType "swiss"]
[EventRounds "9"]
[EventCountry "CZE"]
[SourceTitle "EXT 2003"]
[Source "ChessBase"]
[SourceDate "2002.11.25"]
[SourceVersion "1"]
[SourceVersionDate "2002.11.25"]
[SourceQuality "1"]

1. e4 c5 2. Nf3 d6 3. d4 cxd4 4. Nxd4 Nf6 5. Nc3 e6 6. g4 h5 7. g5 Ng4 8. h3 Ne5 9. f4 Nec6 10. Bg2 Nxd4 11. Qxd4 Nc6 12. Qd3 g6 13. Be3 Bg7 14. 0-0-0 0-0 15. a3 Qa5 16. Nb5 d5 17. exd5 exd5 18. Bxd5 Bf5 19. Qb3 Rac8 20. Rh2 Ne7 21. Nd6 Nxd5 22. Nxc8 Rxc8 23. Qxd5 Bxb2+ 24. Kb1 Qxa3 25. Qa2 Bxc2+ 26. Rxc2 Qxa2+ 27. Kxa2 Rxc2 28. Kb1 Rh2 29. Bxa7 b5 30. Rd8+ Kg7 31. Rb8 Bc3 32. Rxb5 Rxh3 33. Rb3 Rh1+ 34. Kc2 Ba1 35. Ra3 h4 36. f5 h3 37. f6+ Kg8 38. Bc5 h2 39. Rh3 Be5 40. Bf8 Ra1 0-1

[Event "Klatovy op-A"]
[Site "Klatovy"]
[Date "2000.??.??"]
[Round "?"]
[White "Erban, Tomas"]
[Black "Chalupecky, Vladimir"]
[Result "1-0"]
[WhiteElo "1900"]
[BlackElo "1970"]
[PlyCount "81"]
[EventDate "2000.??.??"]
[EventType "swiss"]
[EventRounds "9"]
[EventCountry "CZE"]
[SourceTitle "EXT 2003"]
[Source "ChessBase"]
[SourceDate "2002.11.25"]
[SourceVersion "1"]
[SourceVersionDate "2002.11.25"]
[SourceQuality "1"]

1. e4 c5 2. Nf3 Nc6 3. d4 cxd4 4. Nxd4 g6 5. c4 Bg7 6. Be3 Nf6 7. Nc3 0-0 8. Be2 d6 9. f3 Bd7 10. Qd2 Nxd4 11. Bxd4 Qa5 12. 0-0 Nh5 13. f4 Bxd4+ 14. Qxd4 Ng7 15. Nd5 Rfe8 16. b3 Bc6 17. b4 Qd8 18. Rad1 e5 19. fxe5 Ne6 20. Qf2 Bxd5 21. exd5 Ng5 22. h4 Rxe5 23. hxg5 Qe7 24. Bd3 Re8 25. c5 Rxd5 26. Bxg6 Rxd1 27. Bxf7+ Kg7 28. Rxd1 Qxf7 29. Qxf7+ Kxf7 30. Rxd6 Re1+ 31. Kf2 Ra1 32. Rd7+ Kg6 33. Rxb7 Rxa2+ 34. Ke3 Kf5 35. b5 Ke5 36. c6 Ra3+ 37. Kf2 Kd6 38. Rxh7 Rb3 39. Rd7+ Ke6 40. Rb7 Ra3 41. g6 1-0

[Event "Ceske Budejovice op"]
[Site "Ceske Budejovice"]
[Date "2000.??.??"]
[Round "7"]
[White "Erban, Tomas"]
[Black "Hosticka, Frantisek"]
[Result "1/2-1/2"]
[WhiteElo "1900"]
[BlackElo "2205"]
[PlyCount "52"]
[EventDate "2000.??.??"]
[EventType "swiss"]
[EventRounds "9"]
[EventCountry "CZE"]
[SourceTitle "EXT 2003"]
[Source "ChessBase"]
[SourceDate "2002.11.25"]
[SourceVersion "1"]
[SourceVersionDate "2002.11.25"]
[SourceQuality "1"]

1. d4 d6 2. e4 g6 3. Nc3 Bg7 4. h3 Nd7 5. Nf3 e5 6. dxe5 Nxe5 7. Nxe5 Bxe5 8. Bc4 Be6 9. Bxe6 fxe6 10. 0-0 Nf6 11. Qd3 0-0 12. Ne2 d5 13. exd5 exd5 14. Bh6 Rf7 15. f4 Bd6 16. f5 Ne4 17. fxg6 Bc5+ 18. Be3 Bxe3+ 19. Qxe3 Rxf1+ 20. Rxf1 hxg6 21. Qh6 Qd6 22. Nf4 g5 23. Ne6 Qb6+ 24. Kh2 Qd6+ 25. Rf4 Qe5 26. Qg6+ Kh8 1/2-1/2